| 000 | 00789nam a2200253 i 4500 | ||
|---|---|---|---|
| 003 | DO-SdBNP | ||
| 005 | 20251211124107.0 | ||
| 007 | ta | ||
| 008 | 240520b1973 dr a|||| |||| 00| 0 spa d | ||
| 040 |
_aDO-SdBNP _bspa _cBNPHU _erda |
||
| 041 | _aspa | ||
| 082 | 4 |
_aRD863.42 _bH519d 1973 _222 |
|
| 100 | 1 |
_aHenríquez i Carvajal, Federico, _d1848-1952 _eautor _4aut. _97792 |
|
| 245 | 1 | 3 |
_aEl dilema / _cFederico Henríquez i Carvajal |
| 264 | 1 |
_aSanto Domingo : _bEditora Cultural Dominicana, _c1973 |
|
| 300 |
_a125 páginas ; _c19 cm. |
||
| 336 |
_atexto _btxt _2rdacontent |
||
| 337 |
_asin mediación _bn _2rdamedia |
||
| 338 |
_avolumen _bnc _2rdacarrier |
||
| 590 | _aInventariado, 2024/BT | ||
| 651 | 4 |
_aRepública Dominicana _xHistoria _9170 |
|
| 910 | _aBtavárez | ||
| 942 |
_2ddc _cLBS1 |
||
| 999 |
_c56699 _d56699 |
||